Použitá zoologie Část 1 Bezobratlí

Uložené v:
Podrobná bibliografia
Hlavný autor: Kratochvíl, Josef, 1909-1992 (Author)
Médium: Kniha
Jazyk:Czech
Vydané: Praha : Státní pedagogické nakladatelství, 1962.
Edícia:Učební texty vysokých škol
Fyzický popis: 239 strán.
Tagy: Pridať tag
Žiadne tagy, Buďte prvý kto otaguje tento záznam!

MARC

LEADER 00000nam a22000002i 4500
001 000706607
005 20240109113239.0
008 231213s1962 xr e 000 0 cze d
020 |c Kčs 12,60  |q (brožované) 
040 |a SVKKK  |b slo  |c SVKKK  |e rda 
100 1 |a Kratochvíl, Josef,  |d 1909-1992  |4 aut 
245 1 0 |a Použitá zoologie  |n Část 1  |p Bezobratlí  |c Josef Kratochvíl. 
264 1 |a Praha :  |b Státní pedagogické nakladatelství,  |c 1962. 
300 |a 239 strán. 
336 |a text  |b txt  |2 rdacontent 
337 |a bez média  |b n  |2 rdamedia 
338 |a zväzok  |b nc  |2 rdacarrier 
490 1 |a Učební texty vysokých škol 
500 |a Záznam revízie 
830 0 |a Učební texty vysokých škol 
910 |a svkkk 
998 |a BK 
090 |g SCKHL  |k Sklad Pribinova 3. posch.  |a V.34336  |j 313233  |i 2720942893  |4 Dotisk 1962  |s Povinný výt. 
090 |g SCKHL  |k Sklad Pribinova 3. posch.  |a V.60738  |j 298633  |i 2721036043  |4 Duplikát  |s Návrh na vyradenie